[Event "ISR-chT 1011"]
[Site "Israel"]
[Date "2011.05.27"]
[Round "7.3"]
[White "Gershon, Alik"]
[Black "Yartsev, Pavel"]
[Result "1-0"]
[WhiteElo "2502"]
[BlackElo "2186"]
[PlyCount "71"]
[EventDate "2010.12.24"]
[EventType "team-tourn"]
[EventRounds "11"]
[EventCountry "ISR"]
[SourceTitle "EXT 2012"]
[Source "ChessBase"]
[SourceDate "2011.11.24"]
[SourceVersion "1"]
[SourceVersionDate "2011.11.24"]
[SourceQuality "1"]
[WhiteTeam "Kefar Sava Hapoel"]
[BlackTeam "Beer Sheva V"]
[WhiteTeamCountry "ISR"]
[BlackTeamCountry "ISR"]

1. d4 Nf6 2. c4 e6 3. Nc3 Bb4 4. Qc2 d5 5. cxd5 exd5 6. Bg5 h6 7. Bh4 c5 8. dxc5 g5 9. Bg3 Ne4 10. e3 Qa5 11. Nge2 Bf5 12. Be5 0-0 13. Nd4 Nd7 14. Nxf5 Nxe5 15. Ne7+ Kg7 16. Nexd5 Nxc3 17. bxc3 Bxc5 18. Be2 Rad8 19. Rd1 Ba3 20. Qb3 b6 21. 0-0 Bc5 22. Kh1 Ng6 23. c4 Qa3 24. Qc2 Bd6 25. f4 Ne7 26. Rd3 Qc5 27. Qb2+ f6 28. fxg5 Nxd5 29. Rxd5 Qxe3 30. gxf6+ Kg8 31. Qc2 Kh8 32. f7 Bb4 33. Rxd8 Rxd8 34. Qb2+ Kh7 35. Qxb4 Qxe2 36. f8Q 1-0

[Event "ISR-chT 1011"]
[Site "Israel"]
[Date "2011.03.04"]
[Round "3.5"]
[White "Yartsev, Pavel"]
[Black "Grinshpun, Eduard"]
[Result "1/2-1/2"]
[WhiteElo "2186"]
[BlackElo "2414"]
[PlyCount "135"]
[EventDate "2010.12.24"]
[EventType "team-tourn"]
[EventRounds "11"]
[EventCountry "ISR"]
[SourceTitle "EXT 2012"]
[Source "ChessBase"]
[SourceDate "2011.11.24"]
[SourceVersion "1"]
[SourceVersionDate "2011.11.24"]
[SourceQuality "1"]
[WhiteTeam "Beer Sheva V"]
[BlackTeam "Herzliya"]
[WhiteTeamCountry "ISR"]
[BlackTeamCountry "ISR"]

1. d4 Nf6 2. c4 e6 3. Nc3 Bb4 4. e3 b6 5. a3 Bxc3+ 6. bxc3 Ba6 7. Bd3 c6 8. Ne2 d5 9. cxd5 Bxd3 10. Qxd3 cxd5 11. a4 0-0 12. 0-0 Nc6 13. Ba3 Re8 14. c4 Na5 15. c5 Nc4 16. cxb6 Qxb6 17. Nc3 Qc6 18. Rfc1 Rec8 19. Bc5 a6 20. e4 Na5 21. e5 Nd7 22. Ne2 Nc4 23. Bd6 Qb6 24. Rcb1 Qd8 25. Bb4 Rab8 26. Be1 g6 27. Qg3 Rxb1 28. Rxb1 Rb8 29. Qd3 Rxb1 30. Qxb1 Qb6 31. Qd1 Qb2 32. h4 h5 33. Bc3 Qa2 34. Nf4 Qa3 35. Be1 Ndb6 36. a5 Nd7 37. Kh2 Qe7 38. Kh3 Nxa5 39. Qa1 Nc6 40. Bc3 Ndb8 41. g4 hxg4+ 42. Kxg4 Kf8 43. Qb2 Ke8 44. Nh3 Kd8 45. Ng5 f6 46. Qb6+ Kc8 47. exf6 Qxf6 48. Kg3 Qd8 49. Qc5 Kd7 50. Nf3 Qc7+ 51. Kg4 Ke8 52. Bd2 Nd7 53. Qa3 Nf6+ 54. Kh3 Ne4 55. Be3 a5 56. Qa4 Kd8 57. Qa3 Qf7 58. Kg2 Qe7 59. Qa4 Qb7 60. Ne5 Nxe5 61. Qxa5+ Ke7 62. dxe5 d4 63. Qa3+ Kf7 64. Bxd4 Nc3+ 65. f3 Nd5 66. Qa7 Qxa7 67. Bxa7 g5 68. hxg5 1/2-1/2

[Event "ISR-chT"]
[Site "Israel"]
[Date "2010.05.07"]
[Round "9.5"]
[White "Yartsev, Pavel"]
[Black "Raznikov, Danny"]
[Result "1-0"]
[WhiteElo "2175"]
[BlackElo "2314"]
[PlyCount "101"]
[EventDate "2010.01.29"]
[EventType "team"]
[EventRounds "11"]
[EventCountry "ISR"]
[SourceTitle "EXT 2011"]
[Source "ChessBase"]
[SourceDate "2010.11.26"]
[SourceVersion "1"]
[SourceVersionDate "2010.11.26"]
[SourceQuality "1"]
[WhiteTeam "Beer Sheva VI"]
[BlackTeam "Kefar Sava Hapoel"]
[WhiteTeamCountry "ISR"]
[BlackTeamCountry "ISR"]

1. Nf3 Nf6 2. c4 c5 3. Nc3 Nc6 4. d4 cxd4 5. Nxd4 e6 6. Ndb5 d5 7. Bf4 e5 8. cxd5 exf4 9. dxc6 bxc6 10. Qxd8+ Kxd8 11. Rd1+ Bd7 12. Nd6 Kc7 13. Nxf7 Rg8 14. Ne5 Bf5 15. g3 fxg3 16. hxg3 Re8 17. Nd3 Ne4 18. Bg2 Nxc3 19. bxc3 Bg4 20. Rd2 Rh8 21. f3 Bf5 22. e4 g5 23. Kd1 Bg6 24. g4 Bd6 25. Kc2 h5 26. gxh5 Rxh5 27. Rxh5 Bxh5 28. Rd1 Rf8 29. Rf1 a5 30. c4 Bf7 31. Kc3 Rh8 32. Rh1 Rxh1 33. Bxh1 Be6 34. Bg2 c5 35. e5 Bf8 36. f4 gxf4 37. Nxf4 Kd7 38. Bc6+ Kxc6 39. Nxe6 Be7 40. Kd3 Kd7 41. Nf4 Bg5 42. Ke4 Bh6 43. Kf5 Bg7 44. Nd3 Bf8 45. Kf6 Be7+ 46. Kf7 a4 47. Nf4 a3 48. Nd5 Bd8 49. Nc3 Kc6 50. Nb5 Kb6 51. Nxa3 1-0

[Event "ISR-chT"]
[Site "Israel"]
[Date "2010.04.16"]
[Round "5.5"]
[White "Botvinnik, Mikhail I"]
[Black "Yartsev, Pavel"]
[Result "1/2-1/2"]
[WhiteElo "2339"]
[BlackElo "2175"]
[PlyCount "111"]
[EventDate "2010.01.29"]
[EventType "team"]
[EventRounds "11"]
[EventCountry "ISR"]
[SourceTitle "EXT 2011"]
[Source "ChessBase"]
[SourceDate "2010.11.26"]
[SourceVersion "1"]
[SourceVersionDate "2010.11.26"]
[SourceQuality "1"]
[WhiteTeam "Tel Aviv Shlomo Har Zvi"]
[BlackTeam "Beer Sheva VI"]
[WhiteTeamCountry "ISR"]
[BlackTeamCountry "ISR"]

1. d4 Nf6 2. c4 e6 3. g3 d5 4. Nf3 dxc4 5. Bg2 Nc6 6. 0-0 a6 7. Nc3 Rb8 8. e4 Be7 9. d5 exd5 10. exd5 Nb4 11. Ne5 0-0 12. a3 Nd3 13. Nxd3 cxd3 14. Qxd3 Ne8 15. h3 Nd6 16. f4 Bf5 17. Qf3 Bf6 18. g4 Bd4+ 19. Kh2 Bxc3 20. Qxc3 Be4 21. b3 f5 22. Bb2 Rf7 23. Bxe4 Nxe4 24. Qd3 Qd7 25. Rad1 Qb5 26. gxf5 Qxd3 27. Rxd3 Rxf5 28. Be5 Rd8 29. Rc1 c6 30. dxc6 Rxd3 31. c7 Rd2+ 32. Kg1 Rf8 33. c8Q Rxc8 34. Rxc8+ Kf7 35. Rc7+ Ke6 36. Rxg7 Rd3 37. Rxb7 Rxh3 38. a4 Kf5 39. Kg2 Rg3+ 40. Kh2 Rd3 41. Kg2 Rg3+ 42. Kh2 Rd3 43. Rxh7 Rxb3 44. Kg2 Rg3+ 45. Kf1 Ra3 46. Ke2 Ng3+ 47. Kd2 Rxa4 48. Kd3 Ra3+ 49. Kc4 Ne2 50. Rf7+ Ke4 51. Bb2 Ra4+ 52. Kb3 Ra5 53. Be5 Rd5 54. Bc7 Rf5 55. Re7+ Kf3 56. Be5 1/2-1/2